|
|
|
|
| LEADER |
00000nab a2200000 ar4500 |
| 001 |
vtls010187938 |
| 003 |
SK-MaSNL |
| 005 |
20260426071154.0 |
| 008 |
101111c20101022xo ||||||||||||00 b|slo |
| 015 |
|
|
|a SNBRB2010/11
|2 snkbucl
|
| 038 |
|
|
|a SNKBUCL
|
| 040 |
|
|
|a SNKBUCL
|b slo
|c SNKBUCL
|e AACR2
|
| 041 |
0 |
|
|a slo
|
| 044 |
|
|
|a xo
|c SK
|
| 080 |
|
|
|a 633.15:631.559
|x (437.6)
|2 1997
|
| 080 |
|
|
|a 631.559
|x (437.6)
|2 1997
|
| 080 |
|
|
|a 631.164
|x (437.6)
|2 1997
|
| 100 |
1 |
|
|a Beluský, Jozef
|4 aut
|9 21097
|
| 245 |
1 |
0 |
|a Úroda kukurice bude priemerná
|c Jozef Beluský, Roman Hašana
|
| 300 |
|
|
|b Tab.
|
| 648 |
|
7 |
|a 2010
|2 snkbucl
|9 324355
|
| 650 |
0 |
7 |
|a kukurica
|2 snkbucl
|9 16138
|
| 650 |
0 |
7 |
|a úroda
|2 snkbucl
|9 506412
|
| 650 |
0 |
7 |
|a odhad
|2 snkbucl
|9 742548
|
| 651 |
|
7 |
|a Slovensko
|2 snkbucl
|9 14231
|
| 700 |
1 |
|
|a Hašana, Roman
|4 aut
|9 20480
|
| 773 |
0 |
|
|t Sme. Roľnícke noviny
|g Č. 244 (22.10.2010)
|x 1335-440X
|
| 773 |
0 |
8 |
|i Príl.:
|t Roľnícke noviny
|g Č. 43 (20.10.2010), s. 9
|
| 852 |
|
|
|a SNK
|b KIS3GCP
|
| 958 |
|
|
|a SK
|
| 999 |
|
|
|c 2675779
|d 2677709
|